Mierové sily Organizácie Spojených národov na Cypre bakalárska práca

Enregistré dans:
Détails bibliographiques
Auteur principal: Krajíčková, Aneta
Collectivité auteur: Fakulta medzinárodných vzťahov EU. Katedra medzinárodných politických vzťahov
Autres auteurs: Duda, Zuzana, 1995-
Format: Livre
Langue:slovaque
Publié: Bratislava 2023
Tags: Ajouter un tag
Pas de tags, Soyez le premier à ajouter un tag!

MARC

LEADER 00000nbm a2200000 4500
001 0293202
005 20240611140417.1
041 0 |a slo 
044 |a SK 
245 1 0 |a Mierové sily Organizácie Spojených národov na Cypre  |b bakalárska práca  |c Aneta Krajíčková ; školiteľ: Zuzana Duda 
264 1 |a Bratislava  |c 2023 
300 |a 45 s. 
100 1 |a Krajíčková, Aneta 
700 1 |a Duda, Zuzana, 1995- 
710 2 |a Fakulta medzinárodných vzťahov EU. Katedra medzinárodných politických vzťahov